Bibliografía de la literatura costarricense: 1890-1940
Gardado en:
| Autor Principal: | |
|---|---|
| Formato: | Libro |
| Idioma: | Undetermined |
| Publicado: |
San José, Costa Rica
niversidad de Costa Rica
1995
|
| Materias: | |
| Etiquetas: |
Engadir etiqueta
Sen Etiquetas, Sexa o primeiro en etiquetar este rexistro!
|
MARC
| LEADER | 00000nam a2200000Ia 4500 | ||
|---|---|---|---|
| 008 | 170316s9999 xx 000 0 und d | ||
| 040 | |a cru BVZT | ||
| 090 | |a A-868 Q-1b | ||
| 100 | |a Quesada Soto, Alvaro | ||
| 245 | |a Bibliografía de la literatura costarricense: 1890-1940 | ||
| 260 | |a San José, Costa Rica | ||
| 260 | |b niversidad de Costa Rica | ||
| 260 | |c 1995 | ||
| 300 | |a 116 páginas | ||
| 650 | |a LITERATURA COSTARRICENSE | ||
| 650 | |a ANTOLOGÍA | ||
| 999 | |c 12613 |d 12613 | ||
| 942 | |c 15 D |h A-868 Q-1b |2 z | ||
